Carbide cutting tools (Record no. 71108)

000 -LEADER
fixed length control field 00416nam a22001817a 4500
003 - CONTROL NUMBER IDENTIFIER
control field NUST - PNEC
005 - DATE AND TIME OF LATEST TRANSACTION
control field 20170116181154.0
008 - FIXED-LENGTH DATA ELEMENTS--GENERAL INFORMATION
fixed length control field 160107b xxu||||| |||| 00| 0 eng d
020 ## - INTERNATIONAL STANDARD BOOK NUMBER
International Standard Book Number -
040 ## - CATALOGING SOURCE
Transcribing agency LIBRARY
082 ## - DEWEY DECIMAL CLASSIFICATION NUMBER
Classification number 621.9 BAK
100 ## - MAIN ENTRY--PERSONAL NAME
9 (RLIN) 15733
Personal name Baker, Warren
245 ## - TITLE STATEMENT
Title Carbide cutting tools
Statement of responsibility, etc. Warren Baker
250 ## - EDITION STATEMENT
Edition statement -
260 ## - PUBLICATION, DISTRIBUTION, ETC.
Date of publication, distribution, etc. c.1949
650 ## - SUBJECT ADDED ENTRY--TOPICAL TERM
9 (RLIN) 15734
Topical term or geographic name entry element Tools
General subdivision ME
942 ## - ADDED ENTRY ELEMENTS (KOHA)
Source of classification or shelving scheme
Koha item type Book
Holdings
Withdrawn status Lost status Source of classification or shelving scheme Damaged status Not for loan Permanent Location Current Location Shelving location Date acquired Total Checkouts Full call number Barcode Date last seen Price effective from Koha item type
          Pakistan Navy Engineering College (PNEC) Pakistan Navy Engineering College (PNEC)       621.9 BAK PNECLIB-005859 01/07/2016   Book
          Pakistan Navy Engineering College (PNEC) Pakistan Navy Engineering College (PNEC)       621.9 BAK PNECLIB-001390 01/12/2016   Book
© 2023 Central Library, National University of Sciences and Technology. All Rights Reserved.